00480 a2200169 450000100060000002000240000604000240003010000180005424000320007224500270010430000110013136200090014265000310015194200070018295201040018999900170029347250 a8526258532 (broch.) cAnchieta - Aquarius aGuedes, Hardy10aA loja da dona Raposa lpor10aA loja da dona Raposa  a12]p. 0 a2005 4aLiteratura infanto-juvenil cBK 00104070a87.1b87.1d2023-11-21l0o028.5 GUE LOJp5784/AQUr2023-11-21 15:14:05w2023-11-21yBK c47250d47250